000 00836nam0a22002771 4500
001 rc\3401969
005 20161028131752.0
021 _aRU
_b[70-72646]
035 _a(NLR Aleph) 007573949
090 _a5435432
_c5435432
100 _a20130115d1970 |||y0rusy50 ca
101 0 _arus
102 _aRU
105 _aa z |||||
200 1 _aРепка
_e[Нар. сказка
_fИл.: Т. Шеварева
210 _aМосква
_cМалыш
_d1970]
215 _a[17] с.
_cил.
_d28
225 1 _aКнижка-игрушка
608 _aСказки русские (д. л.)
_2psbo
702 1 _aШеварева
_bТ. П
_f1929-
_gТамара Петровна
_3RU\NLR\AUTH\770164798
_4440
801 0 _aRU
_bNLR
_gpsbo
801 1 _aRU
_bELAR
_2rusmarc
852 _aNLR
_j70-8/229
942 _cBOOK
980 _aNB